000
00322nam a2200109Ia 4500
008
171205s9999 xx 000 0 und d
020
_a
9781780676241
100
_a
Carroll, Henry
245
_a
Read This if you want to take Great Photographs of People
260
_b
Laurence King Publishing Ltd
_c
2015
300
_a
127 pages
999
_c
347382
_d
347382